[Event "IECC O email"]
[Site "IECC email"]
[Date "1999.03.02"]
[Round "?"]
[White "Rawson, Amy"]
[Black "Nicholson, Chris"]
[Result "1-0"]
[WhiteElo "1025"]
[BlackElo "1000"]
[PlyCount "57"]
[EventDate "1999.??.??"]
[EventType "tourn (corr)"]
[EventRounds "6"]
[SourceTitle "Corr 2008"]
[Source "ChessBase"]
[SourceDate "2008.06.24"]
[SourceVersion "1"]
[SourceVersionDate "2008.06.24"]
[SourceQuality "1"]

1. e4 e5 2. Nf3 Nc6 3. Bb5 Nf6 4. d3 Ng4 5. 0-0 d5 6. exd5 Bc5 7. dxc6 0-0 8. Qe2 a6 9. cxb7 Bxb7 10. Bc4 a5 11. Nxe5 Nf6 12. Be3 Qe7 13. Bxf7+ Rxf7 14. Nxf7 Qxf7 15. Bxc5 Re8 16. Be3 c5 17. c4 Qg6 18. f3 Bc8 19. Nc3 Bf5 20. Ne4 Bxe4 21. fxe4 Re5 22. Bf4 Rh5 23. h3 Rxh3 24. e5 Nd7 25. e6 Nf6 26. e7 Kf7 27. e8Q+ Nxe8 28. Bd6+ Kg8 29. Rf8# 1-0